| 000 | 00973nam a22002057a 4500 | ||
|---|---|---|---|
| 005 | 20120309123426.0 | ||
| 010 | _aB-456385 | ||
| 020 |
_a9780521736428 _c295.00 |
||
| 035 | _aB-456385 | ||
| 037 | _bAllied | ||
| 082 | _a488.24076 | ||
| 100 |
_aCullen,Pauline _944426 |
||
| 245 |
_aCambridge vocabulary for IELTS with answers : _bself-study vocabulary practice / _cby Pauline Cullen |
||
| 260 |
_aNew Delhi _bCambridge University Press _c2008 |
||
| 270 |
_aCambridge House,4381/4,Ansari Road,Daryaganj, _bNew Delhi _e110002 |
||
| 300 |
_a174p _bill, _c24cm(pbk) _e+CD-Rom |
||
| 942 |
_2ddc _cEN _mCUL _h488.24076 |
||
| 999 |
_c63892 _d63892 |
||